| 000 | 00473nam a2200169Ia 4500 | ||
|---|---|---|---|
| 005 | 20250508154926.0 | ||
| 008 | 008 250505s9999 xx 000 0 eng d | ||
| 037 | _aBooks to be hide in OPAC | ||
| 040 |
_aFEDL _beng _cFEDL |
||
| 041 |
_aeng _2eng |
||
| 084 |
_a015.42, BRI _qFEDL |
||
| 245 | 0 | _aBritiesh book news 1948 | |
| 260 |
_aLondon, UK _bLongmans, Green and Co. _c1950 |
||
| 300 | _a717p. | ||
| 942 |
_cHB _h015.42, BRI |
||
| 999 |
_c1352878 _d1352878 |
||